000 00991nam0a22002411 4500
001 rc\861098
005 20260407142232.0
035 _a(NLR Aleph) 006040752
090 _a4701338
_c4701338
100 _a20041129d1983 |||y0rusy50 ca
101 0 _arus
102 _aRU
105 _aa |||||||||
200 1 _aРуководство по составлению схем генпланов малых сельских населенных пунктов Московской области
_fМособлисполком, Гл. архит.-планировоч. упр., Мосгипрониисельстрой
210 _aМ.
_cМосгипрониисельстрой
_d1983
215 _a27 с.
_cплан., черт.
_d30
320 _aБиблиогр.: с. 27
712 0 2 _a"МосгипроНИИсельстрой", институт
_3RU\NLR\AUTH\8810011781
_9521284
801 0 _aRU
_bNLR
_gpsbo
801 1 _aRU
_bELAR
_2rusmarc
852 _aNLR
_j85-8/372
942 _cBOOK
980 _aNB